[Event "CRO Team Cup"]
[Site "Mali Losinj"]
[Date "2017.05.11"]
[Round "2.23"]
[White "Kovacevic, Blazimir"]
[Black "Ljubicic, Filip"]
[Result "1-0"]
[WhiteElo "2479"]
[BlackElo "2385"]
[PlyCount "81"]
[EventDate "2017.??.??"]

1. Nf3 g6 2. e4 d6 3. d4 Nf6 4. Bd3 Bg7 5. O-O O-O 6. Re1 Nc6 7. c3 e5 8. Na3
Bg4 9. Nc2 d5 10. Bg5 dxe4 11. Bxe4 exd4 12. Bxc6 bxc6 13. Ncxd4 Qd5 14. Qa4 c5
15. Nc6 Rfe8 16. Re5 Qd7 17. Rd1 Rxe5 18. Rxd7 Re4 19. Ne7+ Kf8 20. Qc6 Re8 21.
Bxf6 Bxf6 22. Qxe4 Bxd7 23. Ne5 Rxe7 24. Nxd7+ Rxd7 25. g3 Kg7 26. Qe2 Rd6 27.
Kf1 Re6 28. Qc4 Be7 29. Qa4 a6 30. Qd7 Bd6 31. Qc8 Be5 32. f4 Bd6 33. Qxa6 h6
34. Qc4 g5 35. fxg5 hxg5 36. a4 Re5 37. a5 f5 38. a6 f4 39. a7 fxg3 40. hxg3
Rf5+ 41. Kg2 1-0

[Event "CRO Team Cup"]
[Site "Mali Losinj"]
[Date "2017.05.11"]
[Round "2.24"]
[White "Ivic, Mateo"]
[Black "Kuljasevic, Davorin"]
[Result "0-1"]
[WhiteElo "2229"]
[BlackElo "2542"]
[PlyCount "50"]
[EventDate "2017.??.??"]

1. e4 e5 2. Nf3 Nc6 3. Bb5 a6 4. Ba4 d6 5. Bxc6+ bxc6 6. d4 f6 7. h3 Ne7 8. O-O
Ng6 9. c4 Be7 10. Nc3 O-O 11. Be3 Qe8 12. Qd2 f5 13. dxe5 f4 14. Bd4 dxe5 15.
Bxe5 Nxe5 16. Nxe5 f3 17. Nxf3 Rxf3 18. Nd5 Rf8 19. Nxc7 Qg6 20. Nxa8 Bxh3 21.
f4 Rd8 22. Qe2 Bc5+ 23. Kh2 Bg4 24. Qe1 Qh5+ 25. Kg3 Rd3+ 0-1

[Event "CRO Team Cup"]
[Site "Mali Losinj"]
[Date "2017.05.11"]
[Round "2.31"]
[White "Sedlak, Nikola"]
[Black "Martinovic, Sasa"]
[Result "1-0"]
[WhiteElo "2523"]
[BlackElo "2552"]
[PlyCount "47"]
[EventDate "2017.??.??"]
[WhiteClock "0:01:04"]
[BlackClock "0:00:40"]

1. d4 d5 2. Nf3 Nf6 3. Bf4 c5 4. e3 Nc6 5. Nbd2 e6 6. c3 cxd4 7. exd4 Nh5 8.
Be3 Bd6 9. Ne5 g6 10. g4 Ng7 11. h4 h5 12. Bg5 Be7 13. Bxe7 Qxe7 14. Bb5 O-O
15. Bxc6 bxc6 16. Rg1 Qxh4 17. Ndf3 Qf6 18. Qd2 hxg4 19. Rxg4 Nf5 20. O-O-O Qh8
21. Rdg1 Rb8 22. Rxg6+ fxg6 23. Rxg6+ Ng7 24. Rh6 1-0

[Event "CRO Team Cup"]
[Site "Mali Losinj"]
[Date "2017.05.11"]
[Round "2.32"]
[White "Cvitan, Ognjen"]
[Black "Krstic, Uros"]
[Result "1-0"]
[WhiteElo "2485"]
[BlackElo "2383"]
[PlyCount "75"]
[EventDate "2017.??.??"]

1. d4 d6 2. Nf3 Nf6 3. c4 g6 4. Nc3 Bg7 5. e4 O-O 6. Be2 e5 7. O-O Nbd7 8. Qc2
exd4 9. Nxd4 Re8 10. Rd1 c6 11. f3 Qe7 12. Bg5 h6 13. Bh4 Qf8 14. Bf2 Nh5 15.
Qd2 Ne5 16. g4 Nf6 17. Kh1 a6 18. a4 c5 19. Nc2 Be6 20. b3 Rad8 21. Rg1 Kh7 22.
Rad1 Qh8 23. Rg3 Bd7 24. Be1 Nc6 25. Bd3 b6 26. Rg2 Ne5 27. Be2 Bc6 28. Ne3 Bb7
29. Bh4 Nc6 30. Rdg1 Nd4 31. Bd1 g5 32. Be1 Nd7 33. h4 Ne5 34. Rf1 gxh4 35. Rh2
Ng6 36. Nf5 Nxf5 37. gxf5 Bxc3 38. fxg6+ 1-0

[Event "CRO Team Cup"]
[Site "Mali Losinj"]
[Date "2017.05.11"]
[Round "2.33"]
[White "Trbojevic, Mladen"]
[Black "Kurajica, Bojan"]
[Result "0-1"]
[WhiteElo "2346"]
[BlackElo "2528"]
[PlyCount "74"]
[EventDate "2017.??.??"]

1. e4 c5 2. Nf3 Nc6 3. Bb5 Qb6 4. Nc3 e6 5. Bxc6 Qxc6 6. d4 b5 7. O-O b4 8. d5
Qc7 9. Nb1 Nf6 10. Re1 g6 11. a3 Bg7 12. axb4 cxb4 13. Bd2 Rb8 14. Qc1 O-O 15.
d6 Qb7 16. e5 Nd5 17. Bh6 f6 18. Bxg7 Kxg7 19. Nbd2 Qb6 20. exf6+ Nxf6 21. Nc4
Qc5 22. b3 a6 23. Qb2 Kg8 24. Re5 Qc6 25. Qd4 Rb5 26. Rxb5 axb5 27. Na5 Qxc2
28. Qxb4 Ba6 29. Re1 Nd5 30. Qd4 b4 31. Qa7 Bb5 32. Qb7 Nc3 33. Qb6 Be2 34.
Qxb4 Bxf3 35. gxf3 Qd2 36. Kf1 Qd3+ 37. Kg2 Qxf3+ 0-1

[Event "CRO Team Cup"]
[Site "Mali Losinj"]
[Date "2017.05.11"]
[Round "2.34"]
[White "Kovacevic, Vlatko"]
[Black "Tomasic, Roland"]
[Result "0-1"]
[WhiteElo "2454"]
[BlackElo "2173"]
[PlyCount "79"]
[EventDate "2017.??.??"]

1. d4 f5 2. Nc3 Nf6 3. Bg5 d5 4. Bxf6 exf6 5. e3 Be6 6. Bd3 Qd7 7. Qf3 Nc6 8.
a3 a6 9. Nge2 Bd6 10. Nf4 Bxf4 11. Qxf4 O-O 12. h4 Ne7 13. Ne2 Nc8 14. f3 Nd6
15. h5 Rae8 16. O-O-O b5 17. Rdg1 a5 18. Kd2 Re7 19. Ng3 Rc8 20. Re1 c5 21.
dxc5 Rxc5 22. Qd4 Qc7 23. Ke2 Ne4 24. fxe4 fxe4 25. Nxe4 dxe4 26. Qxe4 Bf5 27.
Qa8+ Kf7 28. Bxf5 Rxf5 29. Kd2 Rd7+ 30. Kc1 Rf2 31. c3 Rdd2 32. Qe4 f5 33. Qb1
b4 34. axb4 axb4 35. Rhf1 Rxb2 36. Qxb2 Rxb2 37. Kxb2 Qxc3+ 38. Kb1 b3 39. Rc1
Qd2 40. Rc6 0-1

[Event "CRO Team Cup"]
[Site "Mali Losinj"]
[Date "2017.05.11"]
[Round "2.41"]
[White "Saric, Ante"]
[Black "Lalic, Bogdan"]
[Result "1/2-1/2"]
[WhiteElo "2544"]
[BlackElo "2449"]
[PlyCount "66"]
[EventDate "2017.??.??"]
[WhiteClock "0:06:54"]
[BlackClock "1:30:00"]

1. Nf3 d5 2. g3 Bg4 3. Bg2 Nd7 4. h3 Bxf3 5. Bxf3 e6 6. d4 Ngf6 7. Nd2 c6 8. e4
dxe4 9. Nxe4 Nxe4 10. Bxe4 Be7 11. O-O O-O 12. c3 Bg5 13. f4 Bf6 14. h4 Qb6 15.
Be3 Rad8 16. Qe2 Qc7 17. Rad1 g6 18. h5 Bg7 19. hxg6 hxg6 20. Kg2 Nf6 21. Bc2
Nd5 22. Bc1 c5 23. dxc5 Qxc5 24. Qf2 Qc6 25. Be4 Qc4 26. Bb1 Qc6 27. Qf3 Rd7
28. g4 f5 29. Rde1 fxg4 30. Qe4 Rdf7 31. Kg3 e5 32. Qxg6 exf4+ 33. Kh4 Qxg6
1/2-1/2

[Event "CRO Team Cup"]
[Site "Mali Losinj"]
[Date "2017.05.11"]
[Round "2.42"]
[White "Plenkovic, Zdenko"]
[Black "Saric, Ibro"]
[Result "1-0"]
[WhiteElo "2413"]
[BlackElo "2555"]
[PlyCount "114"]
[EventDate "2017.??.??"]
[WhiteClock "0:01:59"]
[BlackClock "1:30:00"]

1. g3 d5 2. Bg2 c6 3. d3 e5 4. Nf3 Nd7 5. O-O Ngf6 6. c4 dxc4 7. dxc4 Be7 8.
Nc3 O-O 9. Qc2 Qc7 10. b3 Re8 11. Bb2 Bf8 12. Rad1 a5 13. Nh4 Nc5 14. Nf5 a4
15. b4 a3 16. Ba1 Na6 17. b5 Nb4 18. Qb1 Be6 19. Ne3 Ng4 20. Nxg4 Bxg4 21. Qb3
Be6 22. Rc1 Qa5 23. bxc6 bxc6 24. Ne4 f6 25. Bc3 Qa4 26. Qb1 Rab8 27. Nd2 Red8
28. Be4 h6 29. Qa1 f5 30. Bb1 e4 31. Be5 Rb7 32. Nb3 c5 33. Bf4 Nc6 34. Be3 Qb4
35. f3 Bxc4 36. fxe4 Bxb3 37. axb3 Nd4 38. Rc4 Qb6 39. Qxa3 Nxe2+ 40. Kg2 Nd4
41. b4 fxe4 42. bxc5 Qb2+ 43. Qxb2 Rxb2+ 44. Kh3 Nf3 45. Rc2 Rb5 46. Ba2+ Kh8
47. Rb1 Ra5 48. c6 Rh5+ 49. Kg4 Rxh2 50. Rxh2 Nxh2+ 51. Kf5 Rc8 52. Bd5 Bd6 53.
Bf4 Bxf4 54. gxf4 Nf3 55. Rd1 Nh4+ 56. Ke6 Ng6 57. Kd7 Rf8 1-0

[Event "CRO Team Cup"]
[Site "Mali Losinj"]
[Date "2017.05.11"]
[Round "2.43"]
[White "Plenca, Julijan"]
[Black "Loncar, Robert"]
[Result "1/2-1/2"]
[WhiteElo "2406"]
[BlackElo "2356"]
[PlyCount "65"]
[EventDate "2017.??.??"]
[WhiteClock "1:30:00"]
[BlackClock "1:30:00"]

1. e4 e5 2. Nf3 Nc6 3. d4 exd4 4. Nxd4 Bc5 5. Nb3 Bb4+ 6. Bd2 Bxd2+ 7. Qxd2 Nf6
8. Nc3 O-O 9. O-O-O a5 10. a4 d6 11. Bb5 Be6 12. Bxc6 bxc6 13. e5 Nd5 14. Nd4
Nxc3 15. Qxc3 Qg5+ 16. Kb1 Qxe5 17. Rhe1 Qf6 18. Qxc6 Rfc8 19. f3 Rab8 20. b3
Rb6 21. Qe4 Bd7 22. Nb5 g6 23. Qc4 Be6 24. Qd4 Qf5 25. Qc3 Qc5 26. Re3 Rc6 27.
Qxc5 Rxc5 28. Rc3 Rxc3 29. Nxc3 Kf8 30. Nb5 Ke7 31. Kb2 c6 32. Nd4 d5 33. c3
1/2-1/2

[Event "CRO Team Cup"]
[Site "Mali Losinj"]
[Date "2017.05.11"]
[Round "2.44"]
[White "Doric, Nenad"]
[Black "Matko, Ognjen"]
[Result "1/2-1/2"]
[WhiteElo "2259"]
[BlackElo "2302"]
[PlyCount "91"]
[EventDate "2017.??.??"]
[WhiteClock "1:30:00"]
[BlackClock "0:12:48"]

1. d4 Nf6 2. Nf3 g6 3. c4 Bg7 4. Nc3 d5 5. Bg5 Ne4 6. cxd5 Nxg5 7. Nxg5 e6 8.
Nf3 exd5 9. e3 O-O 10. Be2 c6 11. O-O Nd7 12. b4 Nb6 13. Qb3 Be6 14. Nd2 Re8
15. Rfc1 f5 16. Nf3 g5 17. Qd1 Rc8 18. a4 g4 19. Ne1 Qd6 20. Nd3 Kh8 21. Rab1
Nd7 22. Bf1 Rg8 23. Ne2 Bh6 24. Nef4 Bf7 25. b5 cxb5 26. Rxc8 Rxc8 27. axb5 Rc3
28. Ra1 Ra3 29. Ne5 Nxe5 30. dxe5 Rxa1 31. Qxa1 Bg7 32. Qxa7 Bxe5 33. Qxb7 Kg7
34. Nh5+ Kg6 35. Ng3 Be6 36. Qc6 Qxc6 37. bxc6 d4 38. Bd3 dxe3 39. fxe3 Kf6 40.
Ne2 Bd5 41. Bb5 Be4 42. Kf2 Ke7 43. Nf4 Kd6 44. Kg3 Kc5 45. Ba4 Kb4 46. Bd1
1/2-1/2

[Event "CRO Team Cup"]
[Site "Mali Losinj"]
[Date "2017.05.11"]
[Round "2.51"]
[White "Livaic, Leon"]
[Black "Bosiocic, Marin"]
[Result "0-1"]
[WhiteElo "2464"]
[BlackElo "2603"]
[PlyCount "70"]
[EventDate "2017.??.??"]
[WhiteClock "0:01:59"]
[BlackClock "1:30:00"]

1. d4 Nf6 2. c4 e6 3. Nf3 b6 4. a3 Bb7 5. Nc3 g6 6. Qc2 Bxf3 7. exf3 Bg7 8. Bg5
O-O 9. Be2 d5 10. cxd5 exd5 11. O-O a5 12. Rac1 c6 13. f4 h6 14. Bh4 Nbd7 15.
f5 g5 16. Bg3 b5 17. Rfd1 Rc8 18. a4 b4 19. Nb1 Qb6 20. Nd2 c5 21. Bb5 c4 22.
Nf1 b3 23. Qe2 Rfe8 24. Ne3 Re4 25. Qd2 Rce8 26. Bxd7 Nxd7 27. Nxd5 Qxd4 28.
Qxa5 Qxb2 29. Ne3 c3 30. Qc7 c2 31. Rf1 Ne5 32. f6 Nd3 33. fxg7 Nxc1 34. Nf5
Ne2+ 35. Kh1 Qf6 0-1

[Event "CRO Team Cup"]
[Site "Mali Losinj"]
[Date "2017.05.11"]
[Round "2.52"]
[White "Tica, Sven"]
[Black "Vujakovic, Branko"]
[Result "0-1"]
[WhiteElo "2332"]
[BlackElo "2349"]
[PlyCount "76"]
[EventDate "2017.??.??"]
[WhiteClock "1:30:00"]
[BlackClock "1:30:00"]

1. d4 Nf6 2. c4 g6 3. Nc3 d5 4. Bf4 Bg7 5. e3 c5 6. dxc5 Qa5 7. Qd2 dxc4 8.
Bxc4 O-O 9. Nb5 Qxd2+ 10. Kxd2 Na6 11. f3 Nxc5 12. Nc7 Rb8 13. Nd5 e5 14. Bxe5
Nfe4+ 15. fxe4 Bxe5 16. Nf3 Bxb2 17. Rab1 Nxe4+ 18. Kd3 Nc5+ 19. Ke2 Bg7 20.
Ne7+ Kh8 21. Rhc1 Ne4 22. Ke1 Bc3+ 23. Ke2 Bf6 24. Nd5 Kg7 25. Bd3 Nd6 26. e4
Bd8 27. Nd4 Bg4+ 28. Kf2 Be6 29. Nc7 Bxa2 30. Rb4 Rc8 31. e5 Rxc7 32. Ra1 Be7
33. Ra4 Bd5 34. exd6 Bxd6 35. Nb5 Bc5+ 36. Kf1 Rd7 37. Bc4 a6 38. Nc3 Bc6 0-1

[Event "CRO Team Cup"]
[Site "Mali Losinj"]
[Date "2017.05.11"]
[Round "2.53"]
[White "Blazeka, Matej"]
[Black "Golubovic, Boris"]
[Result "1/2-1/2"]
[WhiteElo "2333"]
[BlackElo "2404"]
[PlyCount "22"]
[EventDate "2017.??.??"]
[WhiteClock "0:01:00"]
[BlackClock "1:30:00"]

1. Nf3 Nf6 2. c4 c5 3. Nc3 Nc6 4. g3 d6 5. Bg2 g6 6. O-O Bg7 7. d3 O-O 8. a3 a6
9. Rb1 Rb8 10. b4 cxb4 11. axb4 b5 1/2-1/2

[Event "CRO Team Cup"]
[Site "Mali Losinj"]
[Date "2017.05.11"]
[Round "2.54"]
[White "Petrov, Jole"]
[Black "Markovic, Franjo-Josip"]
[Result "1-0"]
[WhiteElo "2390"]
[BlackElo "1990"]
[PlyCount "61"]
[EventDate "2017.??.??"]
[WhiteClock "1:26:00"]
[BlackClock "1:30:00"]

1. Nf3 Nf6 2. c4 g6 3. g3 Bg7 4. Bg2 d5 5. cxd5 Nxd5 6. d4 O-O 7. O-O Nb6 8.
Nc3 Nc6 9. d5 Na5 10. Qc2 c6 11. dxc6 Nxc6 12. Rd1 Qe8 13. h3 Be6 14. e4 Rd8
15. Be3 Nb4 16. Qe2 Rxd1+ 17. Rxd1 Bc4 18. Qd2 Nxa2 19. e5 Nxc3 20. Qxc3 Qa4
21. Rc1 Be6 22. b3 Qb5 23. Qa1 Qxb3 24. Nd4 Qa2 25. Nxe6 Qxe6 26. f4 Nd5 27.
Bxa7 Ra8 28. Qd4 Qa6 29. Ra1 Qe2 30. Bxd5 Rd8 31. Bxf7+ 1-0

[Event "CRO Team Cup"]
[Site "Mali Losinj"]
[Date "2017.05.11"]
[Round "2.62"]
[White "Stocko, Josip"]
[Black "Pikula, Dejan"]
[Result "1-0"]
[WhiteElo "2331"]
[BlackElo "2452"]
[PlyCount "81"]
[EventDate "2017.??.??"]
[WhiteClock "1:30:00"]
[BlackClock "1:30:00"]

1. e4 c5 2. Nf3 e6 3. d4 cxd4 4. Nxd4 a6 5. Bd3 Bc5 6. Nb3 Be7 7. Qg4 g6 8. Qe2
d6 9. O-O Nd7 10. Nc3 Qc7 11. Bd2 b6 12. Rae1 Ne5 13. f4 Nxd3 14. cxd3 Nf6 15.
e5 Nd7 16. Ne4 d5 17. Rc1 Qb8 18. Nf2 Bb7 19. Nd4 O-O 20. b4 Rc8 21. Ng4 Bf8
22. Qf3 Rxc1 23. Rxc1 h5 24. Nf2 Qd8 25. g4 hxg4 26. Qxg4 Rc8 27. Re1 Qe8 28.
h4 Bg7 29. h5 Nf8 30. Qh4 gxh5 31. f5 exf5 32. Nxf5 Rc2 33. Ne7+ Kh8 34. Bg5
Nh7 35. Qxh5 Bc6 36. Re3 Rc1+ 37. Kh2 d4 38. Qxh7+ Kxh7 39. Rh3+ Bh6 40. Rxh6+
Kg7 41. Nf5+ 1-0

[Event "CRO Team Cup"]
[Site "Mali Losinj"]
[Date "2017.05.11"]
[Round "2.63"]
[White "Djurovic, Goran"]
[Black "Goric, Esad"]
[Result "1/2-1/2"]
[WhiteElo "2389"]
[BlackElo "2279"]
[PlyCount "159"]
[EventDate "2017.??.??"]
[WhiteClock "1:29:00"]
[BlackClock "0:22:38"]

1. Nf3 c5 2. e4 d6 3. d4 cxd4 4. Nxd4 a6 5. c4 b6 6. Nc3 Bb7 7. Be2 e6 8. O-O
Nf6 9. f3 Be7 10. Be3 O-O 11. Qd2 Nbd7 12. Rfc1 Rc8 13. a4 Qc7 14. a5 bxa5 15.
Nb3 a4 16. Nxa4 Nc5 17. Na5 Bc6 18. Nc3 Ba8 19. b4 Nb7 20. Nb3 Nd8 21. Rxa6 Bb7
22. Raa1 Ra8 23. Nb5 Qb8 24. Bb6 Ne8 25. Rxa8 Bxa8 26. Ba7 Qc8 27. Be3 Qb8 28.
c5 d5 29. exd5 Bxd5 30. N3d4 Qb7 31. Nc3 Nf6 32. Nxd5 Nxd5 33. c6 Qa8 34. c7
Nb7 35. Nc6 Bd6 36. Bd4 Bxc7 37. Ne7+ Nxe7 38. Rxc7 Nf5 39. Bf2 Rd8 40. Rd7
Nfd6 41. Rxd8+ Qxd8 42. g4 Qc7 43. Kg2 Qc6 44. Qa2 h6 45. Qa8+ Kh7 46. Bd3+ f5
47. gxf5 Qd5 48. Bb1 exf5 49. Ba2 Qd2 50. h4 h5 51. b5 Nc5 52. Bg8+ Kg6 53. Qc6
Ncb7 54. b6 Kf6 55. Qd7 g5 56. hxg5+ Qxg5+ 57. Kh3 Qxg8 58. Bd4+ Kg6 59. Be5
Qf7 60. Qc6 Qc4 61. Qxc4 Nxc4 62. Bc7 f4 63. Kh4 Nd2 64. Bxf4 Nxf3+ 65. Kg3 Nd4
66. Bc7 Ne6 67. Kh4 Ng7 68. Kg3 Nf5+ 69. Kf4 Kf6 70. Be5+ Ke6 71. Bc7 Kf6 72.
Be5+ Kg6 73. Bc7 Ne7 74. Ke5 h4 75. Kf4 Kh5 76. Kf3 Nd5 77. Bg3 h3 78. Be1 Nd6
79. b7 Nxb7 80. Kg3 1/2-1/2

[Event "CRO Team Cup"]
[Site "Mali Losinj"]
[Date "2017.05.11"]
[Round "2.64"]
[White "Bubalovic, Davorin"]
[Black "Bozinovic, Bogdan"]
[Result "1/2-1/2"]
[WhiteElo "2211"]
[BlackElo "2241"]
[PlyCount "81"]
[EventDate "2017.??.??"]
[WhiteClock "1:30:00"]
[BlackClock "0:01:00"]

1. e4 c5 2. Nf3 d6 3. d4 cxd4 4. Nxd4 Nf6 5. Nc3 a6 6. Bg5 e6 7. f4 Be7 8. Qf3
h6 9. Bh4 Qc7 10. O-O-O Nbd7 11. Qg3 g5 12. fxg5 Rg8 13. g6 Rxg6 14. Qe1 Ne5
15. Nf3 Bd7 16. Bg3 b5 17. Bd3 Rc8 18. Kb1 Bc6 19. Rc1 Nh5 20. Ne2 Bb7 21. Qd2
Nc4 22. Bxc4 Qxc4 23. e5 Bxf3 24. gxf3 Nxg3 25. hxg3 dxe5 26. Rcd1 Rd8 27. Qe3
Rd5 28. Nc3 Bc5 29. Qc1 Rxd1 30. Rxd1 Be7 31. Qe3 Qc5 32. Qe4 f5 33. Qa8+ Kf7
34. Qxa6 Rxg3 35. a3 Rxf3 36. Nxb5 Rf2 37. c3 Rg2 38. Nd6+ Kf6 39. Ne8+ Kf7 40.
Nd6+ Kf6 41. Ne8+ 1/2-1/2

[Event "CRO Team Cup"]
[Site "Mali Losinj"]
[Date "2017.05.11"]
[Round "2.71"]
[White "Makaj, Marko"]
[Black "Boban, Sten"]
[Result "1-0"]
[WhiteElo "2330"]
[BlackElo "2075"]
[PlyCount "72"]
[EventDate "2017.??.??"]

1. d4 c6 2. c4 d6 3. Nc3 Qc7 4. e4 Nf6 5. Be2 e5 6. d5 Be7 7. Nf3 Bg4 8. O-O
Nbd7 9. Be3 a5 10. h3 Bh5 11. Nd2 Bxe2 12. Qxe2 O-O 13. b3 Rfe8 14. a3 Bf8 15.
b4 g6 16. Nb3 axb4 17. axb4 cxd5 18. exd5 b6 19. Nb5 Qb7 20. Nd2 Rxa1 21. Rxa1
Ra8 22. Qd1 Ne8 23. Ra4 f5 24. f3 Ra6 25. Qa1 Nc7 26. Nxc7 Rxa4 27. Qxa4 Qxc7
28. Qa6 Qb8 29. Nb1 Be7 30. Nc3 Bh4 31. Kf1 Kf7 32. Nb5 Ke7 33. Na7 Kf7 34. Nc8
Bd8 35. Qb7 Qc7 36. Qc6 Qa7 1-0

[Event "CRO Team Cup"]
[Site "Mali Losinj"]
[Date "2017.05.11"]
[Round "2.72"]
[White "Djuric, Petar"]
[Black "Nemec, Vjekoslav"]
[Result "1/2-1/2"]
[WhiteElo "1954"]
[BlackElo "2172"]
[PlyCount "139"]
[EventDate "2017.??.??"]

1. e4 g6 2. d4 Bg7 3. Nf3 d6 4. h3 e6 5. Be2 Ne7 6. O-O O-O 7. Be3 h6 8. c4 d5
9. cxd5 exd5 10. e5 Be6 11. Bd3 Nf5 12. Bxf5 Bxf5 13. Nh2 c5 14. g4 Be6 15. f4
cxd4 16. Bxd4 Qd7 17. Nc3 Nc6 18. Rf2 Nxd4 19. Qxd4 Rfc8 20. Rd1 Bf8 21. f5
gxf5 22. gxf5 Bxf5 23. Kh1 Bc5 24. Rg2+ Bg6 25. Qxd5 Qxd5 26. Rxd5 Bb4 27. Rd3
Kh7 28. Re3 Bc5 29. Re1 Bb4 30. Rg3 h5 31. Rge3 Re8 32. Nf3 Kh6 33. Nh4 Re6 34.
Nxg6 fxg6 35. R1e2 Bxc3 36. Rxc3 Rae8 37. Rce3 Rf8 38. Kg2 Rf5 39. Kg3 g5 40.
Rb3 h4+ 41. Kg2 b6 42. Rb5 Kg6 43. Rd5 Rf4 44. Rd8 Rf5 45. Rd5 Kf7 46. Rd7+ Re7
47. Rd5 Ke8 48. Re3 Re6 49. Re4 Ke7 50. Re2 Rc6 51. Rd4 a5 52. Rd5 Rc5 53. Rxc5
bxc5 54. e6 c4 55. Rc2 Rf4 56. Re2 a4 57. a3 Rf5 58. Rc2 Rf4 59. Re2 Rd4 60.
Kf3 Rd3+ 61. Kg4 Rg3+ 62. Kf5 Rxh3 63. Kxg5 c3 64. Kf5 cxb2 65. Rxb2 Rb3 66.
Rc2 Rb5+ 67. Kg4 Kxe6 68. Rc4 h3 69. Rxa4 h2 70. Ra6+ 1/2-1/2

[Event "CRO Team Cup"]
[Site "Mali Losinj"]
[Date "2017.05.11"]
[Round "2.73"]
[White "Pavic, Jakov"]
[Black "Zakic, Marko"]
[Result "1-0"]
[WhiteElo "2144"]
[BlackElo "1861"]
[PlyCount "97"]
[EventDate "2017.??.??"]

1. d4 Nf6 2. c4 e6 3. Nf3 b6 4. a3 Bb7 5. Nc3 Be7 6. Qc2 d5 7. cxd5 exd5 8. Bf4
c6 9. e3 Nbd7 10. h3 O-O 11. Be2 Rc8 12. O-O c5 13. dxc5 bxc5 14. Rfd1 Nb6 15.
Rd2 Bd6 16. Bxd6 Qxd6 17. e4 Qe6 18. exd5 Nfxd5 19. Bd3 Qh6 20. Be4 Nxc3 21.
Bxb7 Rb8 22. Qxc3 Rxb7 23. Qxc5 Qf6 24. Qd4 Qf5 25. Rad1 h6 26. Ne5 Rc8 27. Rd3
Re7 28. Nc6 Re4 29. Qd6 Rce8 30. Rf3 Qh5 31. b4 Nc4 32. Qd5 Qg6 33. Nxa7 R8e5
34. Qc6 Re6 35. Qc8+ Re8 36. Rd8 Rxd8 37. Qxd8+ Kh7 38. Qd5 Ne5 39. Re3 Rxe3
40. fxe3 Qg5 41. Qe4+ g6 42. b5 Nd7 43. Qf4 Qd5 44. Qd4 Qf5 45. a4 Nc5 46. Qf4
Qd5 47. a5 Nd3 48. Qd4 Qf5 49. e4 1-0

[Event "CRO Team Cup"]
[Site "Mali Losinj"]
[Date "2017.05.11"]
[Round "2.74"]
[White "Muraja, Zeljko"]
[Black "Kos, Bruno"]
[Result "0-1"]
[WhiteElo "1752"]
[BlackElo "1998"]
[PlyCount "80"]
[EventDate "2017.??.??"]

1. d4 Nf6 2. c4 c5 3. Nc3 cxd4 4. Qxd4 Nc6 5. Qd1 g6 6. g3 Bg7 7. Bg2 O-O 8.
Nf3 d6 9. O-O Bg4 10. Re1 Qd7 11. a3 Rac8 12. Rb1 Qf5 13. Be3 Qa5 14. Qb3 Qa6
15. Qb5 Na5 16. Qxa6 bxa6 17. Bxa7 Nxc4 18. Na4 Rc7 19. Bd4 e5 20. Bc3 Bd7 21.
Nb6 Nxb6 22. Ba5 Rb8 23. Nd2 Rc2 24. Ne4 Nxe4 25. Bxe4 Rcc8 26. Red1 Bf8 27. b3
Bf5 28. Bxf5 gxf5 29. a4 Rc6 30. Rd3 Nxa4 31. b4 Rc3 32. Rd5 Rc2 33. Rb3 Rb5
34. Rdd3 Rxe2 35. Rf3 e4 36. Rf4 Be7 37. h4 Nb2 38. Rc3 Nd3 39. Rxd3 exd3 40.
Kf1 Re4 0-1

[Event "CRO Team Cup"]
[Site "Mali Losinj"]
[Date "2017.05.11"]
[Round "2.82"]
[White "Zelic, Branko"]
[Black "Cenkovcan, Andrija"]
[Result "0-1"]
[WhiteElo "2239"]
[BlackElo "2039"]
[PlyCount "96"]
[EventDate "2017.??.??"]

1. d4 Nf6 2. Nf3 g6 3. Bf4 Bg7 4. e3 O-O 5. Nbd2 d6 6. Bc4 c5 7. c3 b6 8. Qc2
Bb7 9. O-O-O a6 10. h4 b5 11. Bd3 Nbd7 12. h5 c4 13. hxg6 cxd3 14. gxf7+ Rxf7
15. Qxd3 e5 16. Ng5 exf4 17. Nxf7 Kxf7 18. Rh4 fxe3 19. fxe3 Qe7 20. Rf1 Kg8
21. e4 Re8 22. Rff4 h5 23. Qg3 Kh7 24. Qf3 Bh6 25. Rxh5 Rf8 26. Rh1 Ng8 27. Kc2
Rxf4 28. Qxf4 Ndf6 29. e5 dxe5 30. dxe5 Nd5 31. Qf5+ Kg7 32. Qg4+ Kh8 33. Qg6
Qh7 34. Qxh7+ Kxh7 35. Nb3 Ne3+ 36. Kd3 Nxg2 37. Rf1 Nf4+ 38. Kd4 Ne6+ 39. Kd3
Nf4+ 40. Kd4 Ne6+ 41. Kd3 Kg7 42. Na5 Ba8 43. c4 Bf4 44. cxb5 axb5 45. Re1 Ne7
46. Nb3 Nc6 47. Rg1+ Kf7 48. Rh1 Nxe5+ 0-1

[Event "CRO Team Cup"]
[Site "Mali Losinj"]
[Date "2017.05.11"]
[Round "2.84"]
[White "Tretinjak, Dario"]
[Black "Radikovic, Anamarija"]
[Result "0-1"]
[WhiteElo "1818"]
[BlackElo "1905"]
[PlyCount "114"]
[EventDate "2017.??.??"]

1. d4 b6 2. c4 e6 3. Nf3 Bb7 4. e3 Nf6 5. Be2 c5 6. O-O cxd4 7. Nxd4 Be7 8. Nc3
O-O 9. b3 Nc6 10. Bf3 d5 11. Nxc6 Bxc6 12. cxd5 Nxd5 13. Nxd5 exd5 14. Bb2 Qd6
15. Rc1 Rac8 16. Bd4 Bb5 17. Rxc8 Rxc8 18. Be2 Qc6 19. Bxb5 Qxb5 20. Qa1 f6 21.
Rc1 Qa6 22. Rxc8+ Qxc8 23. Qc3 Qf5 24. Qc1 Bc5 25. Bb2 h5 26. h3 Qd3 27. Ba3
Qb5 28. Bxc5 bxc5 29. Qd1 c4 30. Qd4 a5 31. Qc3 Kf8 32. f4 Qb4 33. Qc1 c3 34.
Qc2 d4 35. Kf2 Qa3 36. Ke2 Qe7 37. Qd3 c2 38. Qxc2 Qxe3+ 39. Kd1 Qg1+ 40. Ke2
Qxg2+ 41. Kd3 Qxh3+ 42. Kxd4 Qd7+ 43. Ke3 h4 44. Qh7 Qh3+ 45. Ke4 Qg2+ 46. Kd4
h3 47. Qh5 h2 48. Qc5+ Kf7 49. Qh5+ g6 50. Qh7+ Ke6 51. Qg8+ Kf5 52. Qc8+ Kxf4
53. Qc1+ Kg4 54. Qc8+ f5 55. Qa6 Qe4+ 56. Kc3 h1=Q 57. Qxg6+ Kf3 0-1

[Event "CRO Team Cup"]
[Site "Mali Losinj"]
[Date "2017.05.11"]
[Round "2.91"]
[White "Rogulj, Branko"]
[Black "Vidovic, Mario"]
[Result "0-1"]
[WhiteElo "2410"]
[BlackElo "2242"]
[PlyCount "170"]
[EventDate "2017.??.??"]

1. e4 c6 2. d4 Na6 3. Nc3 Nc7 4. Nf3 d5 5. h3 dxe4 6. Nxe4 Nf6 7. Bd3 g6 8.
Nxf6+ exf6 9. O-O Bg7 10. Re1+ Be6 11. c4 O-O 12. Bd2 Qd7 13. Qc2 Rad8 14. Bb4
Rfe8 15. Bc3 Qc8 16. b3 Bd7 17. Qb2 Bf5 18. Bf1 Be4 19. Nh2 h5 20. f3 Bf5 21.
g4 hxg4 22. hxg4 Bd7 23. Red1 f5 24. d5 Bxc3 25. Qxc3 cxd5 26. cxd5 Nxd5 27.
Qxc8 Bxc8 28. Bb5 Nc3 29. Rxd8 Rxd8 30. Bf1 Rd1 31. Rxd1 Nxd1 32. a3 Ne3 33.
Be2 Be6 34. Kf2 Nc2 35. gxf5 Bxf5 36. a4 Nd4 37. Bd1 Bc2 38. Bxc2 Nxc2 39. Nf1
f5 40. Nd2 Kf7 41. Ke2 Ke6 42. Kd3 Nb4+ 43. Kd4 g5 44. Nf1 Nc6+ 45. Ke3 Kd5 46.
Nd2 Nd4 47. Kd3 a5 48. Kc3 g4 49. fxg4 fxg4 50. b4 axb4+ 51. Kxb4 Kc6 52. Kc4
Nf5 53. Kd3 g3 54. Ke2 Kc5 55. Kf3 Kb4 56. Kf4 g2 57. Nf3 Nd4 58. Ng1 Kxa4 59.
Kg3 b5 60. Kxg2 b4 61. Nh3 b3 62. Nf2 Kb4 63. Kf1 Kc3 64. Ke1 Kc2 65. Nd1 Kc1
66. Nf2 Kc2 67. Nd1 Nb5 68. Ne3+ Kd3 69. Nd1 Na3 70. Nf2+ Kc2 71. Nd1 Nc4 72.
Ke2 Kc1 73. Nf2 Ne5 74. Nd1 Nc6 75. Nf2 Nd4+ 76. Ke1 Kc2 77. Nd1 Nb5 78. Ne3+
Kd3 79. Nd1 Nc3 80. Nb2+ Kc2 81. Nc4 Na4 82. Ke2 Kc3 83. Nd2 b2 84. Kd1 Kd3 85.
Ke1 Nc3 0-1

[Event "CRO Team Cup"]
[Site "Mali Losinj"]
[Date "2017.05.11"]
[Round "2.92"]
[White "Vidovic, Sasa"]
[Black "Podravec, Kresimir"]
[Result "1/2-1/2"]
[WhiteElo "2299"]
[BlackElo "2171"]
[PlyCount "37"]
[EventDate "2017.??.??"]

1. d4 d5 2. Nf3 Nf6 3. Bg5 e6 4. e3 Be7 5. Bd3 Nbd7 6. Nbd2 b6 7. c3 Bb7 8. O-O
O-O 9. Qc2 c5 10. a4 a6 11. Rfd1 h6 12. Bh4 Rc8 13. Qb1 Re8 14. h3 Qc7 15. Bg3
Bd6 16. Bxd6 Qxd6 17. e4 dxe4 18. Nxe4 Qc7 19. Re1 1/2-1/2